000 00876nam a2200229Ii 4500
003 JO-AjNU
008 230605s9999||||xx |||||||||||||| ||und||
017 _a2014/1/49
020 _a978-9957-524-60-9
040 _aJO-AjNU
_bara
_erda
_cJO-AjNU
041 _aara
050 1 4 _aHF5686 2014
100 3 _aتأليف: زكي،حسن سليمان، م.مشارك: احمد يحيى عياصرة,
_eauthor
_951171
245 0 0 _aالمحاسبة في المستشفيات والفنادق
250 _aط1
264 3 1 _aعمان: دار الاعصار العلمي
300 _a313ص
_bيحتوي على المصطلحات العلمية وببلوغرافية من ص305-313ص
336 _atext
_btxt
_2rdacontent
337 _aunmediated
_bn
_2rdamedia
338 _avolume
_bnc
_2rdacarrier
650 4 _aالمحاسبة - المستشفيات -الفنادق
_951172
999 _aA22586
_c26154
_d26154